| 000 | 00820nam a2200205 i 4500 | ||
|---|---|---|---|
| 001 | 41174 | ||
| 003 | ES-MaACL | ||
| 005 | 20250804063402.0 | ||
| 007 | t| | ||
| 008 | 030310s1899 sp ||||1| spa d | ||
| 080 | _a316(091) | ||
| 100 | 1 |
_aCascales Muñoz, José, _d1865-1933 _936269 |
|
| 245 | 1 | 3 |
_aLa palabra y sus manifestaciones _b: origen y desarrollo del lenguaje articulado, de la escritura, de la imprenta, de la tipografía, del telégrafo, del teléfono y del fonógrafo / _cJosé Cascales Muñoz ; con un prólogo de Ricardo Becerro de Bengoa. |
| 260 |
_aMadrid : _bBailly-Baillière, _c1899. |
||
| 300 |
_a158 p. ; _c18 cm. |
||
| 650 | 0 | 4 |
_aComunicación- _vHistoria. _9155173 |
| 700 | 1 |
_aBecerro de Bengoa, Ricardo, _d1845-1902 _926893 |
|
| 852 |
_aES-MaACL _jF-10373 |
||
| 999 |
_c41174 _d41174 |
||